| 000 | 00428nam a2200145 a 4500 | ||
|---|---|---|---|
| 001 | 000040573 | ||
| 005 | 20201002034225.0 | ||
| 008 | 130902s20uu dr c 000 0 spa d | ||
| 040 |
_aDO-SdBNP _bspa _cBNPHU |
||
| 082 |
_axxx _bxxx |
||
| 100 | 1 |
_aBlas MartÃnez, Felipa _966903 |
|
| 245 | 1 | 3 |
_aLa historia de mi vida Jacoba / _cFelipa Blas MartÃnez. |
| 260 |
_a[Santo Domingo] : _bs.d., _cs. f. |
||
| 300 |
_a31 p. : _bretr. ; _c22 cm. |
||
| 999 |
_c40063 _d40063 |
||